Tutte le opere di Niccolò Machiavelli /

Guardado en:
Detalles Bibliográficos
Autor principal: Maquiavelo, Nicolás (autor)
Otros autores: Flora, Francesco (autor) (autor), Cordié, Carlo (autor) (autor)
Formato: Libro
Idioma:Italiano
Publicado: Italia : Mondadori, 1949, c1949
Etiquetas: Agrega una etiqueta
Sin etiquetas, Sé el primero en etiquetar este registro!

MARC

LEADER 00000nam^a2200000^a^4500
001 000444384
005 20250521000000.0
009 20260310123515.71
037 |a Acervo Xavier Clavigero 
041 |a ITA 
091 |a FCA. 00527 
100 |a Maquiavelo, Nicolás  |e (autor) 
245 1 0 |a Tutte le opere di Niccolò Machiavelli / 
264 4 |a Italia :  |b Mondadori,  |c 1949, c1949 
300 |a LXXII, 740 p. 
336 |a texto  |b txt  |2 rdacontenido 
337 |a sin mediación  |b n  |2 rdamedio 
338 |a volumen  |b nc  |2 rdasoporte 
649 |a XX 
700 |a Flora, Francesco  |e (autor) 
700 |a Cordié, Carlo  |e (autor) 
910 |a Fondo Xavier Cacho Vázquez S.J. 
920 |a Impresos - Libros 
930 |a Fondos Especiales 
905 |a 131 
901 |a 0500325329  |b IT2  |c ESP  |i D6242  |u 20250521 
902 |a https://opac.biblio.iteso.mx/vufind/Record/000444384